Tous les Singles d'Or de Ninho - Statistiques

Statistiques générales
  • Ce quiz a été pris 126 fois
    12 depuis la dernière actualisation
  • Le résultat moyen est 112 sur 201
Statistiques - réponses
Titres Détails Date % Correct
44 M.I.L.S 2 30/03/2018
75%
911 GOAT 06/09/2024
75%
À découvert ft. Hiro 19/04/2019
75%
Air max ft. Rim'k 25/07/2018
75%
À Kinshasa Destin 22/03/2019
75%
Bob M.I.L.S 2 30/03/2018
75%
Boîte auto B.O Taxi 5 24/03/2018
75%
Carbozo Comme prévu 08/09/2017
75%
Champion ft. Serge Ibaka 26/02/2021
75%
Coco GOAT 12/07/2024
75%
Comme prévu Comme prévu 08/09/2017
75%
De l'autre côté Comme prévu 08/09/2017
75%
Dita Comme prévu 08/09/2017
75%
Elle a mal M.I.L.S 21/10/2016
75%
Elle est bonne sa mère ft. Vegedream 31/05/2019
75%
Elle m'a eu Comme prévu 08/09/2017
75%
Entre les murs ft. DA Uzi 18/01/2018
75%
Every day M.I.L.S 3 07/03/2020
75%
Fendi M.I.L.S 2 30/03/2018
75%
Grand bain ft. Dadju 20/12/2019
75%
Grand Paris ft. Médine, Sofiane, ... 24/02/2017
75%
Grands ensembles NI 30/06/2023
75%
Intro Jefe 03/12/2021
75%
Intro M.I.L.S 3 07/03/2020
75%
Jamais Destin 22/03/2019
75%
Jefe Jefe 03/12/2021
75%
Jusqu'à minuit Destin 22/03/2019
75%
Kim Jong-il ft. Niro 16/09/2019
75%
La vie qu'on mène Destin 22/03/2019
75%
La vivance Destin 22/03/2019
75%
Le jeu M.I.L.S 3 07/03/2020
75%
Lettre à une femme M.I.L.S 3 07/03/2020
75%
Likolo ft. Fally Ipupa 27/11/2020
75%
Ma 6t a craqué ft. Kpoint 30/07/2018
75%
Macaroni ft. Leto 28/08/2020
75%
Malcolm M.I.L.S 21/10/2016
75%
Maman ne le sait pas Destin 22/03/2019
75%
Mama No Cry M.I.L.S 2 30/03/2018
75%
Midi dans le ghetto ft. 4keus 08/06/2018
75%
Millésimes M.I.L.S 3 07/03/2020
75%
M.I.L.S M.I.L.S 21/10/2016
75%
M.I.L.S 2 M.I.L.S 2 30/03/2018
75%
M.I.L.S 3 M.I.L.S 3 07/03/2020
75%
Money Destin 22/03/2019
75%
Mon poto ft. Kore 12/03/2021
75%
Musica ft. Soprano 08/11/2019
75%
N.I ft. Niska 03/11/2021
75%
NI Destin 22/03/2019
75%
No love NI 30/06/2023
75%
Outro Jefe 03/12/2021
75%
Outro Destin 22/03/2019
75%
Paris c'est magique Destin 22/03/2019
75%
Pavé M.I.L.S 2 30/03/2018
75%
PGP M.I.L.S 2 30/03/2018
75%
Pour nous M.I.L.S 21/10/2016
75%
Pourquoi Comme prévu 08/09/2017
75%
Prêt à partir ft. SCH 19/10/2018
75%
Promo M.I.L.S 3 07/03/2020
75%
Putana Destin 22/03/2019
75%
Roro Comme prévu 08/09/2017
75%
Rose Comme prévu 08/09/2017
75%
Sale état ft. RK 26/09/2025
75%
Sheitana ft. Hornet la frappe 21/09/2018
75%
Sourire M.I.L.S 21/10/2016
75%
Tout en Gucci M.I.L.S 3 30/10/2020
75%
Toutes options M.I.L.S 2 30/03/2018
75%
Un Poco M.I.L.S 2 30/03/2018
75%
Violet M.I.L.S 2 30/03/2018
75%
Vrais M.I.L.S 2 30/03/2018
75%
Waribana GOAT 25/10/2024
75%
Zipette M.I.L.S 3 07/03/2020
75%
11h ft. Lamatrix 11/03/2022
50%
3 singes ft. Werenoi 28/10/2022
50%
5 bleus Single 19/09/2025
50%
6.3 ft. Naps 20/02/2020
50%
+971 M.I.L.S 4 28/11/2025
50%
Aïcha Jefe 03/12/2021
50%
Arme de poing Jefe 03/12/2021
50%
Athéna Jefe 03/12/2021
50%
Bad NI 30/06/2023
50%
Bavard M.I.L.S 2 30/03/2018
50%
Big Pac Destin 22/03/2019
50%
BLH ft. Gradur 29/11/2019
50%
Blue ft. Kaneki et Naps 21/08/2023
50%
Blue story NI 30/06/2023
50%
Bon qu'à ça NI 30/06/2023
50%
Boucherie GOAT 25/10/2024
50%
Branché sur snap NI 30/06/2023
50%
Bucci night ft. Yaro 11/05/2018
50%
Caramelo Comme prévu 08/09/2017
50%
Carbozo 2.0 Carbozo 11/09/2020
50%
Carolina REDVOLUTION 14/10/2022
50%
Centre commercial M.I.L.S 3 07/03/2020
50%
Ce soir Comme prévu 08/09/2017
50%
C'est carré le S ft. Naps et Gazo 28/04/2023
50%
C'est elle ft. Alonzo 12/04/2019
50%
C'est fort ft. Soolking 25/06/2025
50%
C'était le rap M.I.L.S 3 07/03/2020
50%
Chacun son tour M.I.L.S 2 30/03/2018
50%
Chino Comme prévu 08/09/2017
50%
Chiraq NI 30/06/2023
50%
Ciao ft. Werenoi 10/03/2023
50%
Coffrer M.I.L.S 2 30/03/2018
50%
Collabo GOAT 25/10/2024
50%
Crois-moi ft. DA Uzi 03/04/2020
50%
Distant ft. Maes 19/12/2019
50%
Elle m'a dit ft. Hamza et DJ Quick 01/06/2021
50%
En chien M.I.L.S 3 07/03/2020
50%
Encore ft. Koba LaD 22/10/2020
50%
Enfants terribles ft. Landy 18/12/2020
50%
Etat des lieux - Part 1 ft. La Fouine 10/04/2025
50%
Et je deviens fou ft. Jul 07/12/2018
50%
Eurostar NI 30/06/2023
50%
Filon M.I.L.S 3 07/03/2020
50%
Gasolina ft. Hornet la frappe 27/08/2021
50%
Goutte d'eau Destin 22/03/2019
50%
Gros vendeurs M.I.L.S 3 07/03/2020
50%
HLM ou Palace Comme prévu 08/09/2017
50%
Jeune Lossa Destin 22/03/2019
50%
Jolie ft. Gaulois 13/01/2023
50%
Jungle GOAT 25/10/2024
50%
Kimono ft. Sadek et SCH 09/04/2021
50%
Kitchen M.I.L.S 3 30/10/2020
50%
Laisse pas traîner ton fils Comme prévu 08/09/2017
50%
La maison que je voulais Jefe 03/12/2021
50%
La Marseillaise ft. Heuss l'enfoiré 04/11/2022
50%
L'ancien Destin 22/03/2019
50%
La puerta M.I.L.S 3 07/03/2020
50%
La vie du binks ft SCH, Sadek, ... 01/01/2021
50%
LES DIAMANTS DE BOKASSA M.I.L.S 4 09/01/2026
50%
Longue vie ft. Sofiane et Hornet la frappe 09/01/2018
50%
Lové Comme prévu 08/09/2017
50%
Mac 11 M.I.L.S 3 30/10/2020
50%
Madre mia ft. Sadek 15/09/2017
50%
Mamacita Comme prévu 08/09/2017
50%
Mauvais ft. GLK 30/11/2018
50%
Mauvais 2X ft. Gazo 19/11/2021
50%
Mauvais Djo M.I.L.S 3 07/03/2020
50%
Mayday ft. SCH 29/11/2019
50%
Mec de cité ft. Yaro et PLK 07/02/2020
50%
Méchant ft. Niska 05/09/2019
50%
Millions ft. Orelsan 18/06/2021
50%
Mood Jefe 03/12/2021
50%
Moto ft. Mac Tyer 16/07/2020
50%
OG Jefe 03/12/2021
50%
Papers ft. Zola 05/04/2019
50%
Pirate ft. Hös Copperfield 19/03/2020
50%
Privilège M.I.L.S 3 30/10/2020
50%
Problèmes du matin M.I.L.S 3 30/10/2020
50%
Quillé ft. Naza 10/05/2024
50%
Quotidien ft. Koba LaD 19/04/2019
50%
RER D Jefe 03/12/2021
50%
Respect NI 30/06/2023
50%
Rich Porter NI 30/06/2023
50%
Sans peine Destin 22/03/2019
50%
Sécu ft. Franglish 27/10/2022
50%
Sicario ft. YL 23/02/2018
50%
Sky Priority Jefe 03/12/2021
50%
Soleil M.I.L.S 21/10/2016
50%
Suis-moi ft. Ronisia 28/01/2022
50%
Sur Paname Art de rue 30/10/2020
50%
Survie ft. Maes 23/05/2024
50%
Tel me ft. Jul 04/10/2019
50%
Tes parents ft. Leto 05/07/2019
50%
Tokarev Destin 22/03/2019
50%
Toutes les couleurs M.I.L.S 3 30/10/2020
50%
Tout ira mieux M.I.L.S 21/10/2016
50%
Tout va bien ft. Alonzo et Naps 20/05/2022
50%
TP ft. Sadek 16/06/2023
50%
Triple V ft. Werenoi et Damso 11/04/2025
50%
Tu sais qu'on est gang M.I.L.S 3 07/03/2020
50%
Vérité Jefe 03/12/2021
50%
Veux-tu ft. Lacrim 16/11/2017
50%
Vie de star ft. Leto 01/01/2021
50%
VVS Jefe 03/12/2021
50%
YSL Jefe 03/12/2021
50%
Zéro paluche Destin 22/03/2019
50%
25 G NI 30/06/2023
25%
Acolyte ft. Dadju 17/03/2023
25%
Bali M.I.L.S 3 07/03/2020
25%
Binks to binks 4 Single 17/01/2017
25%
Binks to binks 6 Single 01/01/2019
25%
Binks to binks 7 Single 30/11/2021
25%
Coucou ft. Graya 18/11/2022
25%
Dadinho ft. Lacrim 15/10/2020
25%
Dernier étage ft. Yaro 25/03/2022
25%
Dios mio ft. Yaro 31/07/2020
25%
Dis-moi que tu m'aimes M.I.L.S 21/10/2016
25%
Double binks ft. Leto et Zed 17/04/2020
25%
Freestyle LVL UP 1 Single 02/05/2023
25%
Freestyle LVL UP 2 Single 11/05/2023
25%
Freestyle LVL UP 3 Single 22/05/2023
25%
Jules César ft. Kaneki 28/01/2022
25%
La vie de Johnny NI 30/06/2023
25%
La zone 91 All Stars 02/10/2020
25%
Ma guapa ft. Hös Copperfield 19/07/2019
25%
Monotonie M.I.L.S 21/10/2016
25%
No Life Jefe 03/12/2021
25%
Tennessee ft. Kalash 25/11/2022
25%
Yo moko oyebi NI 30/06/2023
25%
3 MAI 2025 Single 31/01/2024
0%
Aucun quiz correspondant
Distribution des résultats
% des personnes avec chaque résultat
Percentile par nombre de réponses
Votre historique - résultats
Vous n’avez pas pris ce quiz depuis la dernière actualisation